[Event "Turkey IS Bank Super League 2017"]
[Site "Darica-Kocaeli"]
[Date "2017.07.30"]
[Round "6"]
[White "Mchedlishvili, Mikheil"]
[Black "Firat, Burak"]
[Result "1-0"]
[WhiteElo "2602"]
[BlackElo "2480"]
[Annotator "TA"]
[PlyCount "99"]
[EventType "team-tourn"]
[EventCountry "TUR"]
[SourceTitle "playchess.com"]
[Source "ChessBase"]
[SourceQuality "1"]

{[%evp 18,99,21,18,62,56,58,8,58,62,61,54,66,35,40,36,67,45,35,40,33,27,40,33,35,30,38,38,38,31,48,41,35,34,38,32,58,28,56,62,60,66,112,110,103,110,98,90,89,91,108,60,58,45,61,63,66,70,74,70,75,60,75,52,74,66,89,79,75,86,104,105,93,53,62,0,321,339,315,334,388,375,869,841]} 1. Nf3 Nf6 2. c4 g6 3. Nc3 d5 4. cxd5 Nxd5 5. Qb3 Nb6 6. d4 Bg7 7. Bf4 {D90: Grünfeld: 4 Nf3 Bg7 sidelines} (7. e4 Bg4 8. Bb5+ c6 9. Ng5 O-O 10. Be2 Bxe2 11. Nxe2 Na6 12. Qh3 h6 13. Nf3 h5 14. Rg1 Nb4 15. g4 {1-0 (31) Wojtaszek,R (2745)-Mamedyarov,S (2772) Shamkir 2017}) 7... Be6 8. Qa3 O-O 9. e3 c6 10. Be2 {LiveBook: 8 Games} a5 11. O-O Nc4 12. Qa4 $146 ({Find the theoretical novelty and annotate with similar games:} 12. Bxc4 Bxc4 13. Rfd1 Re8 14. Qa4 b5 15. Qc2 Na6 16. Ne5 Nb4 17. Qd2 c5 18. dxc5 Qxd2 19. Rxd2 Rac8 20. Nxc4 {½-½ (21) Gustafsson,J (2622)-Popovic,P (2496) Germany 2009}) 12... Nd6 13. Rfd1 Bf5 14. Qb3 Na6 15. Rac1 Nb4 16. Be5 Bh6 17. h3 Be6 18. Qa3 Nc4 19. Bxc4 $1 Bxc4 20. b3 Ba6 21. Ne1 b6 22. Qb2 Rc8 23. Na4 Bb5 24. Rb1 Nd5 25. a3 Re8 26. Nf3 Nf6 27. Nc3 Ba6 28. e4 {[%cal Be3e4,Be4e5,Be5d6][%mdl 32]} Nd7 29. Bg3 e6 30. e5 Bf8 31. Ne4 Bb7 32. Nd6 Bxd6 33. exd6 f6 34. Qe2 c5 35. dxc5 bxc5 36. Nd2 $1 Bd5 37. Nc4 Ra8 38. Ne3 Be4 39. Rb2 Qc8 40. h4 {[%cal Bh3h4,Bh4h5][%mdl 32]} Qb7 41. h5 g5 42. Rc1 {[%cal Bd1c1,Bc1c3,Bc3g3][%mdl 32]} Qa6 43. Qg4 Bc6 44. Rc3 h6 45. Qd1 f5 46. Nc4 (46. Qc1 $14) 46... f4 $2 {[%mdl 8192] [#]} (46... e5 $1 $11 {and Black has nothing to worry.}) 47. Bxf4 $1 $18 {[%mdl 512]} Qb7 (47... gxf4 48. Qg4+) 48. Rg3 Nf6 49. Be5 Nd5 $2 (49... Qf7 50. Bxf6 Qxf6) 50. f4 {Precision: White = 74%, Black = 60%.} 1-0

[Event "Turkey IS Bank Super League 2017"]
[Site "Darica-Kocaeli"]
[Date "2017.07.30"]
[Round "6"]
[White "Heberla, Bartlomiej"]
[Black "Soysal, Serkan"]
[Result "1-0"]
[WhiteElo "2577"]
[BlackElo "2367"]
[Annotator "TA"]
[PlyCount "81"]
[EventType "team-tourn"]
[EventCountry "TUR"]
[SourceTitle "playchess.com"]
[Source "ChessBase"]
[SourceQuality "1"]

{[%evp 12,81,32,-8,1,0,0,-5,8,-2,55,52,49,50,42,27,66,0,43,44,89,92,90,81,100,106,99,66,80,32,10,0,61,90,80,56,54,64,80,65,68,40,45,38,39,28,62,20,16,20,112,132,98,54,58,51,62,57,75,0,72,51,112,113,195,114,215,207,278,282,918,890]} 1. e4 c6 {[%cal Bc7c6,Bc6c5][%mdl 32]} 2. d4 d5 3. e5 Bf5 4. Nf3 e6 5. Be2 Ne7 6. O-O c5 7. c3 Nec6 {B12: Caro-Kann: Advance Variation} 8. a3 c4 9. Nbd2 Nd7 {The position is equal.} 10. Ne1 {[%cal Bf3e1,Be1c2,Bc2e3][%mdl 32]} g5 $146 (10... f6 $11) ({Find the theoretical novelty and annotate with similar games:} 10... Be7 11. f4 Bg6 12. Nc2 O-O 13. Ne3 b5 14. Nxd5 exd5 15. f5 Bxf5 16. Rxf5 {1-0 (30) Inarkiev,E (2729)-Zeng,C (2549) China 2016}) 11. Nc2 Bg7 12. Ne3 Bg6 $1 13. Bh5 Bd3 14. Be2 (14. Re1 {seems wilder.} O-O 15. Nf3 Bg6 16. Bxg6 fxg6 17. Ng4) 14... Bg6 $1 15. a4 a6 16. b3 b5 17. Ba3 Bf8 18. Bxf8 Kxf8 19. b4 Kg7 20. f4 gxf4 21. Rxf4 f6 (21... bxa4 $11 22. h4 (22. Rxa4 a5 $11) (22. Qxa4 Qb6 $11) 22... h5) 22. exf6+ $14 Nxf6 23. Ng4 Nxg4 24. Rxg4 Rf8 25. Nf3 $1 Kh8 26. axb5 (26. Qc1 $5 {[%cal Rg4g6]} Qf6 27. Qg5 Qxg5 28. Nxg5 $14) 26... axb5 27. Rxa8 Qxa8 28. Qc1 {Black must now prevent Rxg6!} Bf5 29. Rg3 Qd8 30. h3 Be4 {[#]} (30... Qf6 $11) 31. Ng5 $1 $16 {[%cal Rg5e6]} ({Don't take} 31. Qh6 Qf6 $11) 31... Bf5 32. Qf4 $40 {[%mdl 128] Black needs to defend precisely.} Qe7 $1 33. Bh5 Bg6 34. Qg4 Bf5 $1 {[%cal Rf5g4]} 35. Qf4 Bg6 36. Qh4 {Hoping for Bxg6.} Bf5 (36... Rg8 $14) 37. Bg4 Bxg4 (37... Nd8 $16) 38. Rxg4 (38. Qxg4 $18 {And now Nxh7! would win.} Nd8 39. h4) 38... e5 {[#]} (38... Rf5 $16) 39. Qg3 $1 $18 {Threatens to win with Nxh7!} h6 40. Nf3 Re8 $2 (40... Kh7 41. dxe5 Rf7) 41. Rg6 {Precision: White = 63%, Black = 35%.} 1-0

[Event "Turkey IS Bank Super League 2017"]
[Site "Darica-Kocaeli"]
[Date "2017.07.30"]
[Round "6"]
[White "Muzychuk, Anna"]
[Black "Atalik, Ekaterina"]
[Result "1/2-1/2"]
[WhiteElo "2572"]
[BlackElo "2445"]
[Annotator "TA"]
[PlyCount "63"]
[EventType "team-tourn"]
[EventCountry "TUR"]
[SourceTitle "playchess.com"]
[Source "ChessBase"]
[SourceQuality "1"]

{[%evp 20,63,0,-22,-16,-17,-16,-17,-16,-31,-27,-20,-28,-17,27,27,41,23,37,11,20,0,35,0,27,7,46,19,62,38,81,96,88,52,154,149,143,121,116,101,99,103,79,70,62,78]} 1. e4 e5 2. Nf3 Nc6 3. Bb5 a6 4. Ba4 Nf6 5. d3 d6 6. c3 g6 7. O-O Bg7 8. Re1 O-O 9. Nbd2 Nd7 10. Bxc6 {C77: Ruy Lopez: 3...a6 4 Ba4 Nf6, unusual lines} (10. Nf1 Nc5 11. Bxc6 bxc6 12. d4 Nd7 13. dxe5 Nxe5 14. Nxe5 Bxe5 15. Bh6 Re8 16. Qd2 Bg7 17. Bxg7 Kxg7 18. Ng3 h5 {0-1 (45) Efimenko,Z (2689)-Lenic,L (2633) Germany 2013}) 10... bxc6 {[%cal Bb7c6,Bc6c5][%mdl 32]} 11. d4 {LiveBook: 4 Games} c5 {[%cal Rc5d4]} 12. dxe5 {The position is equal.} Nxe5 13. Nxe5 Bxe5 ({Much worse is} 13... dxe5 14. Qe2 $14) 14. Nf3 Bg7 $146 ({Predecessor:} 14... Bg4 15. h3 Bxf3 16. Qxf3 Rb8 17. Re2 Qd7 {1-0 (35) Perez Candelario,M (2483)-Castro Acosta,A (2138) Granada 2005}) 15. Bg5 Qd7 16. e5 d5 17. Qd2 Bb7 18. Rad1 Rfe8 19. Qf4 a5 20. Bf6 h6 21. h4 Ra6 22. Nd2 {next Bxg7 is good for White.} Qb5 23. c4 dxc4 24. Nxc4 Rae6 {[#] Hoping for ...Bxf6.} 25. Re3 Qc6 {[%csl Gb7][%cal Rc6g2]} 26. Rf3 Qa4 ({Black should try} 26... Bxf6 $14 27. exf6 Qe4) 27. b3 $16 Bxf3 28. bxa4 Bxd1 29. Bxg7 Kxg7 30. Qd2 Bxa4 31. Qxa5 Bc6 $1 32. Qxc7 {Precision: White = 64%, Black = 36%.} 1/2-1/2

[Event "Turkey IS Bank Super League 2017"]
[Site "Darica-Kocaeli"]
[Date "2017.07.30"]
[Round "6"]
[White "Tukhaev, Adam"]
[Black "Sadikhov, Ulvi"]
[Result "0-1"]
[WhiteElo "2558"]
[BlackElo "2494"]
[Annotator "TA"]
[PlyCount "72"]
[EventType "team-tourn"]
[EventCountry "TUR"]
[SourceTitle "playchess.com"]
[Source "ChessBase"]
[SourceQuality "1"]

{[%evp 20,72,93,76,73,81,86,75,83,82,99,87,91,74,154,110,149,157,139,82,82,78,83,66,83,31,43,51,51,51,51,50,42,30,44,47,35,38,43,29,102,0,0,0,63,-75,-52,-89,-91,-179,-161,-169,-156,-675,-689]} 1. e4 c5 2. Nf3 Nc6 3. d4 cxd4 4. Nxd4 Qb6 5. Nb3 Nf6 6. Nc3 e6 7. Qe2 Qc7 {B33: Sicilian: Pelikan and Sveshnikov Variations} 8. g4 {[%cal Bg2g4,Bg4g5][%mdl 32]} (8. f4 Bb4 9. Bd2 Bxc3 10. bxc3 d6 11. g4 b6 12. Bg2 Bb7 13. g5 Nd7 14. h4 Na5 15. Nxa5 bxa5 {1-0 (38) Kramnik,V (2812)-Fressinet,L (2687) Paris 2016}) 8... d6 9. Be3 a6 10. O-O-O Be7 11. f4 {LiveBook: 3 Games} b5 12. g5 Nd7 13. Kb1 Nb6 14. Qf2 Rb8 15. h4 b4 $146 16. Ne2 Bd7 ({Better is} 16... a5) 17. Ned4 Nxd4 18. Bxd4 (18. Nxd4 $6 Nc4 $14) (18. Rxd4 $6 d5 $14) 18... e5 19. fxe5 ({White should try} 19. Be3 $1) 19... dxe5 $16 20. Bc5 Be6 21. Bxe7 Qxe7 22. Na5 ({White should play} 22. Rg1 $16) 22... Qc7 23. h5 {[%cal Bh4h5,Bh5h6][%mdl 32]} (23. Bxa6 O-O $17) 23... Nd7 $1 24. Nb3 {[%cal Ba5b3,Bb3c1,Bc1d3][%mdl 32]} a5 25. h6 g6 26. Bh3 a4 27. Bxe6 fxe6 28. Nc1 (28. Rhf1 $2 Rf8 $19) 28... Rf8 29. Qd2 Ke7 (29... Rf4 $11 {keeps the balance.}) 30. Rh3 (30. Nd3 $1 $16) 30... Nc5 $11 31. Nd3 Rfd8 (31... Nxe4 $11 32. Qe3 Rbc8) 32. Rf3 (32. Rf1 $14 {keeps the upper hand.} Nxd3 33. Rxd3) 32... Nxe4 $17 33. Qe1 Qb7 $36 {[%mdl 2048] Keeping White busy.} 34. Ka1 {[#]} ({Avoid the trap} 34. Nxe5 $2 Nc3+ $1 {[%mdl 512]} 35. Rxc3 bxc3 $19) (34. Rf1 $17) 34... a3 $1 $19 ({And not} 34... Nxg5 35. Rf1 $11) 35. Nxe5 {[#]} Qb5 $1 36. Rxd8 $2 (36. Nd3 $17 axb2+ 37. Nxb2 Rxd1+ 38. Qxd1 Qxg5 39. Qf1) 36... Qxe5 {Precision: White = 32%, Black = 72%.} ({Worse is} 36... Rxd8 37. Nd3 $11) 0-1

[Event "Turkey IS Bank Super League 2017"]
[Site "Darica-Kocaeli"]
[Date "2017.07.30"]
[Round "6"]
[White "Dastan, Muhammed Batuhan"]
[Black "Agirsoy, Omer Faruk"]
[Result "1-0"]
[WhiteElo "2529"]
[BlackElo "1678"]
[Annotator "TA"]
[PlyCount "159"]
[EventType "team-tourn"]
[EventCountry "TUR"]
[SourceTitle "playchess.com"]
[Source "ChessBase"]
[SourceQuality "1"]

{[%evp 24,159,43,22,39,14,30,10,19,0,45,31,29,47,36,47,41,37,23,39,104,103,98,107,109,6,6,0,0,-1,0,-6,0,-6,0,0,0,0,0,0,0,0,0,0,0,0,48,51,45,45,30,38,74,18,18,19,59,52,51,50,49,20,110,40,73,7,29,36,29,16,21,29,49,55,74,65,61,61,68,84,84,69,257,257,309,304,269,196,195,195,192,189,264,243,247,193,259,259,281,281,336,324,327,216,236,222,292,310,401,373,515,510,500,457,427,439,442,438,1141,1142,1119,1035,908,879,871,842,927,873,762,534,816,794,659,581,933,941,12842,12843]} 1. e4 c5 2. Nf3 Nc6 3. d4 cxd4 4. Nxd4 Nf6 5. Nc3 e5 6. Ndb5 d6 7. Nd5 Nxd5 8. exd5 Ne7 9. c4 Nf5 10. Bd3 Be7 11. O-O a6 12. Nc3 O-O 13. Kh1 {LiveBook: 12 Games. B33: Sicilian: Pelikan and Sveshnikov Variations} (13. f4 $5 {[%cal Rf4e5]}) 13... Bg5 14. f4 Bxf4 15. Bxf4 {White has an edge.} exf4 16. Rxf4 Qg5 17. Qd2 {Strongly threatening Ne4.} Nh6 $146 ({Predecessor:} 17... Qh6 18. Qf2 g6 19. Ne4 Qg7 20. g4 Nh6 21. g5 Nf5 22. Nf6+ Kh8 23. Bxf5 Bxf5 24. Rh4 h5 25. Qxf5 {1-0 (25) Solleveld,M (2466)-Laske,E (2043) Triesen 2005}) 18. Ne4 $36 {[%mdl 2048] White is pushing.} Qd8 19. Raf1 f5 20. c5 dxc5 21. Nxc5 {Black must now prevent d6.} b6 (21... Kh8 $14) 22. Ne6 $16 Bxe6 23. dxe6 Qd6 24. Qc3 (24. Qe3 $16) 24... b5 $1 $11 25. Bc2 {aiming for Rd4.} (25. a4 $5 {[%cal Ra4b5]}) 25... Rac8 26. Qd3 Qxd3 27. Bxd3 Rfe8 28. a4 Rxe6 29. axb5 axb5 30. Bxb5 Rb6 31. Bc4+ Kf8 32. b3 Ke7 33. Rd4 (33. g4 $5 {[%cal Rg4g5]} g6 34. h3 $11 (34. gxf5 Nxf5 35. Bd3 Rxb3 $11)) 33... Rc7 34. h3 Rd7 35. Re1+ Kd8 $1 36. Rxd7+ Kxd7 $14 {[%mdl 4096] Endgame KRB-KRN} 37. Kg1 f4 38. Re4 (38. Re5 $16) 38... Rf6 $1 $11 39. Kf2 Kd6 40. Rd4+ Kc6 41. Bd3 g6 42. Rd8 Kc5 (42... Nf5 $11) 43. Rh8 ({Better is} 43. Rd7 $1 $16) 43... Rd6 44. Ke2 (44. Bc4 $1 $16) 44... Nf7 45. Rxh7 Ne5 46. Rc7+ Kd4 47. Bc2 Ra6 48. Rc8 Ra1 49. Kd2 {Rd8+ is the strong threat.} f3 50. Rd8+ Kc5 51. gxf3 $1 Nxf3+ 52. Ke3 Ne5 $2 {[#]} ({Black should try} 52... Nh4 $14) 53. Be4 $1 $18 {Threatens to win with Rd5+.} Re1+ 54. Kf4 Nf7 55. Rc8+ Kd6 {[#] next ...g5+ is good for Black.} 56. Rc6+ $1 Ke7 {intending ...g5+.} 57. Rxg6 Nd6 (57... Rf1+ $142 58. Ke3 Re1+ 59. Kd4 Rd1+ 60. Kc5 Ne5) 58. Bd3 Rd1 59. Ke3 Rh1 (59... Nf7 $142) 60. Rg3 Ra1 61. Kd4 Ra3 62. Re3+ Kd7 63. Kc3 Ra1 64. Be2 Rh1 65. Bg4+ Kc7 66. Kd4 Rf1 67. Kd5 {White is clearly winning.} Nf7 68. Re6 Rf2 69. Re2 Rf4 70. Kc5 Ng5 (70... Nd8 $142 71. Re7+ Kb8) 71. Re7+ Kd8 72. Rd7+ Ke8 73. Rd4 Rf2 74. b4 {[%cal Bb3b4,Bb4b5][%mdl 32]} Ke7 75. b5 Rc2+ 76. Kd5 Rb2 77. Kc6 Rc2+ 78. Kb6 Nf7 79. Rd7+ Ke8 80. Rc7 {Precision: White = 65%, Black = 44%.} 1-0

[Event "Turkey IS Bank Super League 2017"]
[Site "Darica-Kocaeli"]
[Date "2017.07.30"]
[Round "6"]
[White "Benidze, Davit"]
[Black "Can, Emre"]
[Result "0-1"]
[WhiteElo "2515"]
[BlackElo "2586"]
[Annotator "TA"]
[PlyCount "63"]
[EventType "team-tourn"]
[EventCountry "TUR"]
[SourceTitle "playchess.com"]
[Source "ChessBase"]
[SourceQuality "1"]

{[%evp 9,63,30,77,51,75,53,64,51,54,48,64,70,49,47,77,20,40,16,21,19,22,0,24,2,31,38,28,0,64,51,80,90,64,47,59,-16,-16,-93,-112,-130,-154,-121,-18,-43,-39,-45,-33,-46,-28,-41,-13,-515,-516,-1101,-1089,-1076]} 1. d4 g6 2. Nc3 Bg7 3. e4 d6 4. Be3 a6 5. h4 h6 (5... Nf6 6. f3 h5 7. Qd2 b5 8. O-O-O c6 9. Kb1 Qc7 10. Bf4 b4 11. Na4 a5 12. Bc4 Ba6 13. Bb3 Nbd7 14. Nh3 {1-0 (38) Leko,P (2693)-Saric,I (2652) Tallinn 2016}) 6. Qd2 {B06: Modern Defence} b5 7. a4 b4 8. Nce2 $146 {White is slightly better.} ({Find the theoretical novelty and annotate with similar games:} 8. Nd1 Nf6 9. f3 a5 10. c3 bxc3 11. bxc3 Nbd7 12. Bb5 Bb7 13. Ne2 c6 {1-0 (60) De Groote,E (2320)-Malykin,V (2382) Germany 2013}) 8... Nf6 9. f3 $1 Nbd7 10. Qxb4 Rb8 11. Qc3 c5 12. Rd1 ({White should try} 12. O-O-O $16) 12... O-O $11 13. b3 (13. h5 $5) 13... Bb7 14. Qd2 cxd4 15. Bxd4 Qc7 16. g4 Ne5 17. Bg2 Rfc8 18. g5 hxg5 ({Better is} 18... Nh5 $1 $11) 19. hxg5 $14 Nh5 20. f4 Nd7 21. Bxg7 Kxg7 22. c4 (22. Qd4+ $14 e5 23. fxe5 (23. Qxd6 Nc5 $14) 23... Nxe5 24. Rd2) 22... Nc5 $11 23. Qc3+ {[#]} (23. b4 $11 {remains equal.} Nxa4 24. f5) 23... e5 $1 $17 24. Rxh5 gxh5 25. Ng3 {[#]} Bxe4 (25... Kf8 $1 $17 {And now ...h4 would win.} 26. fxe5 dxe5) 26. Nxe4 Rxb3 27. Qc2 Qa5+ {[%mdl 1024] Black has compensation.} 28. Kf1 Qxa4 29. Nf2 Ne6 (29... exf4 30. Bd5 $16) (29... Ra3 $5 {[%cal Ra4c2]} 30. Qf5 Qxc4+ 31. Ne2 Qe6 $17) 30. fxe5 $2 {[%mdl 8192]} (30. Ne2 $11 {and White is okay.} Rxc4 31. Qf5 Rxf4 32. Nxf4 Qxf4 33. Qxf4 Nxf4 34. Bc6) 30... Rxc4 $19 31. Qe2 (31. Qd2 $142 Rd4 32. Qc1) 31... Nf4 32. Qd2 {Precision: White = 38%, Black = 58%.} 0-1

[Event "Turkey IS Bank Super League 2017"]
[Site "Darica-Kocaeli"]
[Date "2017.07.30"]
[Round "6"]
[White "Haznedaroglu, Kivanc"]
[Black "Kerigan, Demre"]
[Result "1-0"]
[WhiteElo "2471"]
[BlackElo "2354"]
[Annotator "TA"]
[PlyCount "85"]
[EventType "team-tourn"]
[EventCountry "TUR"]
[SourceTitle "playchess.com"]
[Source "ChessBase"]
[SourceQuality "1"]

{[%evp 15,85,11,27,16,140,139,139,139,146,135,136,136,133,142,129,103,106,104,99,97,104,101,128,81,84,86,92,92,93,59,110,108,109,83,85,79,85,67,87,51,111,94,106,0,0,0,0,0,254,258,260,104,308,314,302,297,283,115,127,0,251,268,460,453,648,628,604,585,12838,12837,12837,693]} 1. c4 e5 2. g3 c6 3. Nf3 e4 4. Nd4 {[%cal Bf3d4,Bd4c2,Bc2e3][%mdl 32]} d5 5. cxd5 Qb6 (5... Qxd5 6. Nc2 Nf6 7. Nc3 Qe5 8. Bg2 Na6 9. O-O Be7 10. d4 exd3 11. Qxd3 O-O 12. Qe3 Bd6 13. Rd1 {½-½ (79) Hammer,J (2621)-Giri,A (2785) Moscow 2017}) 6. Nc2 {A20: English Opening: 1...e5} cxd5 7. Bg2 Nf6 8. O-O Be7 {LiveBook: 5 Games} 9. Nc3 Bf5 $146 {[#]} (9... O-O $11) ({Predecessor:} 9... O-O 10. d3 Rd8 11. Be3 Qa6 12. dxe4 dxe4 13. Qe1 {1-0 (35) Solovchuk,A (2400)-Iljin,T (2482) Alushta 2012}) 10. d3 $1 $16 (10. Ne3 Be6 $15) 10... exd3 11. Ne3 (11. exd3 Be6 $14) 11... Be6 12. Ncxd5 Nxd5 13. Nxd5 (13. Bxd5 Nc6 $14) 13... Bxd5 14. Bxd5 Nc6 15. Bxc6+ Qxc6 16. Qxd3 O-O 17. Be3 Rfd8 18. Qb3 a5 19. Rac1 a4 20. Qc4 Qd7 21. Qe4 Bf6 22. Rc2 (22. b3 {looks sharper.} Qb5 23. Qc4 Qd7 24. Kg2 axb3 25. Qxb3 b5 26. Rfd1) 22... Rac8 (22... Re8 $14 23. Qb4 Qd5) 23. Rfc1 Rxc2 24. Qxc2 h5 25. b3 a3 26. Qe4 Bb2 27. Rc2 Qd1+ 28. Kg2 Qb1 29. f3 ({White should play} 29. Bg5 $16 Rf8 30. Be7) 29... Qxa2 $11 30. Bb6 Rf8 31. Bc5 Qb1 $2 {[%mdl 8192]} (31... Rb8 $11 32. Bd4 Rf8) 32. Bxf8 $40 {[%mdl 128] Black is in trouble.} a2 {[#]} 33. Bd6 (33. Bb4 $1 $18 {[%cal Rc2c8] and the rest is easy.} Qxc2 34. Qxc2) 33... Qxc2 $2 (33... Bc3 $16 {is a better defense.} 34. Rxa2 (34. Rxc3 Qxe4 35. fxe4 a1=Q $17) 34... Qxa2) 34. Qxc2 a1=Q 35. Qc8+ Kh7 36. Qf5+ (36. Qxb7 $18 Qd1 37. Qe4+ (37. Qxf7 $2 Qxe2+ 38. Kh3 Qf1+ 39. Kh4 Bf6+ 40. Qxf6 gxf6 $19) 37... g6 38. Qd3 Qxd3 39. exd3) 36... Kg8 $16 37. Qc8+ (37. Bc5 $16) 37... Kh7 $18 38. Qxb7 Bd4 $2 (38... Qd1 39. Qe4+ (39. Qxf7 $2 Qxe2+ 40. Kh3 Qf1+ 41. Kh4 Bf6+ 42. Qxf6 gxf6 $19) 39... g6) 39. e3 {White is clearly winning.} ({Don't blunder} 39. Qxf7 $2 Qg1+ 40. Kh3 Qf1+ 41. Kh4 Bf6+ 42. Qxf6 gxf6 $19) 39... Qb2+ (39... Bf6 $142 40. Qxf7 Qa2+ 41. Kh3 Qa5) 40. Kh3 Bf6 41. Qxf7 Kh6 42. g4 hxg4+ 43. Kxg4 {Precision: White = 71%, Black = 42%.} (43. fxg4 $142 Kh7 44. Qh5+ Kg8 45. g5 Qxb3 46. Qe8+ Kh7 47. gxf6 gxf6 48. Kg3) 1-0

[Event "Turkey IS Bank Super League 2017"]
[Site "Darica-Kocaeli"]
[Date "2017.07.30"]
[Round "6"]
[White "Ushenina, Anna"]
[Black "Nomin-Erdene, Davaademberel"]
[Result "1/2-1/2"]
[WhiteElo "2458"]
[BlackElo "2373"]
[Annotator "TA"]
[PlyCount "118"]
[EventType "team-tourn"]
[EventCountry "TUR"]
[SourceTitle "playchess.com"]
[Source "ChessBase"]
[SourceQuality "1"]

{[%evp 17,118,16,22,5,17,9,20,18,28,22,23,26,47,33,29,25,31,14,26,25,20,36,96,90,72,70,75,92,154,180,164,166,183,183,152,171,197,190,189,166,166,160,198,135,145,158,179,162,186,106,100,9,20,40,109,107,100,100,100,0,0,0,0,-100,-95,-103,-77,-258,0,-191,-197,-173,0,-88,-83,-237,-220,-235,-220,-229,-214,-230,-169,-171,-181,-142,-22,-112,0,0,0,0,0,0,0,0,0,0,0,0,0,0,0]} 1. d4 d5 2. c4 c6 3. cxd5 cxd5 4. Bf4 Nf6 5. Nc3 Nc6 6. e3 a6 7. Bd3 Bg4 8. Nge2 e6 9. O-O Be7 10. f3 {D10: Slav Defence: 3 cxd5 (without early Nf3) and 3 Nc3} Bh5 $1 11. Rc1 O-O 12. Na4 Bg6 13. Bxg6 hxg6 14. Qb3 Ra7 15. Bg3 Nd7 16. Nf4 Na5 {[#]} 17. Qd3 $146 {White wants to play Nxg6!} ({Find the theoretical novelty and annotate with similar games:} 17. Qd1 Nc4 18. Qe2 {½-½ (43) Fressinet,L (2693)-Volkov,S (2621) Aix les Bains 2011}) 17... b5 18. Nc3 {[%cal Ba4c3,Bc3d5,Bd5e7][%mdl 32]} Qb6 19. Qe2 Bd6 (19... Raa8 $14) 20. Nfxd5 exd5 21. Nxd5 Qb8 {[#]} 22. Ne7+ $1 {[%mdl 512]} Kh8 (22... Kh7 $142) (22... Bxe7 23. Bxb8) 23. Bxd6 $16 Qxd6 24. Nc8 Qb8 25. Nxa7 Qxa7 26. b3 Nf6 27. Qf2 Qd7 28. e4 Nc6 29. Rfd1 Re8 30. Rc2 (30. d5 $18 Ne5 31. d6) 30... g5 31. Rdc1 Ne7 32. Rc7 Qe6 33. R7c5 (33. d5 $18 Qe5 34. Qc5) 33... g4 34. Kh1 (34. d5 $16 Qd7 35. Rc7) 34... gxf3 $11 35. gxf3 Rd8 (35... Qh3 $14) 36. d5 $1 $16 {[%cal Rd5e6]} Qh3 37. Qg3 Qh6 38. Rd1 (38. h4 $1 $16) 38... Ng6 $11 39. Rc7 Nh5 40. Qf2 (40. Qh3 $11) 40... Qf4 $17 {[%mdl 1024] Black has strong compensation.} 41. Rc3 Ne5 42. Qb6 $2 (42. Qe3 $17) 42... Rd7 $2 ({Black should play} 42... b4 $1 $19 {[%cal Rb4c3]} 43. Qxd8+ Kh7) 43. Qb8+ $2 (43. Rf1 $1 $11) 43... Kh7 $19 44. Rf1 {Threatening Rc8.} Qf6 (44... Nf6 $1 $19 {[%cal Rf6g4]} 45. Qb6 (45. Rc8 $2 Nxe4 46. Rh8+ Kg6 $19) 45... Nxe4 $1 {[%mdl 512]}) 45. f4 $1 $17 Nxf4 46. Rh3+ $2 (46. a4 $17) 46... Nxh3 $19 {[%cal Rf6f1]} 47. Rxf6 gxf6 48. Qb6 Kg7 49. a4 bxa4 50. bxa4 {intending a5.} Ng5 51. Qxa6 {[#]} Nxe4 (51... Rc7 $1 $17 {[%cal Rc7c2] Threatens to win with ...Rc2.} 52. Qe2 Rc1+ 53. Kg2 Ra1) 52. Qf1 {[#]} (52. Qe2 $11 Nc3 53. Qg2+ Kf8 54. Qf2 Nxd5 55. a5) 52... Nc3 (52... Nd3 $1 $17 {[%mdl 512]} 53. Qg2+ (53. Qxd3 Nf2+) 53... Kf8) 53. Qg1+ {The position is equal.} Kh7 54. Qf1 Nxd5 55. a5 Ne7 56. Qxf6 N7c6 57. h4 Rd1+ 58. Kg2 Rd2+ 59. Kf1 {And now Qf5+ would win.} Rd1+ {Precision: White = 58%, Black = 62%.} (59... Rd3 $5 {[%cal Rd3f3]} 60. Qf5+ Kg8 61. Qg5+ Kf8 $11) 1/2-1/2